Các quá trình di chuyển nhân khẩu và sự phân bố lại dân cư, lao động trên địa bàn cả nước /
Đã lưu trong:
| Tác giả chính: | |
|---|---|
| Định dạng: | Bài viết |
| Ngôn ngữ: | Vietnamese |
| Những chủ đề: | |
| Các nhãn: |
Thêm thẻ
Không có thẻ, Là người đầu tiên thẻ bản ghi này!
|
| Thư viện lưu trữ: | Thư viện Trường Đại học Đà Lạt |
|---|
| LEADER | 00864nam a2200277 4500 | ||
|---|---|---|---|
| 001 | DLU090066417 | ||
| 005 | ##20090420 | ||
| 040 | # | # | |a DLU |b vie |
| 041 | # | # | |a vie |
| 044 | # | # | |a vn |
| 100 | # | # | |a Khổng Diễn. |
| 245 | # | # | |a Các quá trình di chuyển nhân khẩu và sự phân bố lại dân cư, lao động trên địa bàn cả nước / |c Khổng Diễn. |
| 653 | # | # | |a Chính sách dân vận |
| 653 | # | # | |a Chính sách nhà nước |
| 653 | # | # | |a Di cư tập trung |
| 653 | # | # | |a Quản lí nhân lực |
| 773 | # | # | |t Dân tộc học |g Số 1(49), 1986, tr. 55-64 |
| 920 | # | # | |a Phòng Tạp chí -- Trung tâm Thông tin - Thư viện Trường Đại học Đà Lạt |
| 994 | # | # | |a DLU |
| 900 | # | # | |a True |
| 911 | # | # | |a Đào Thị Thu Huyền |
| 925 | # | # | |a G |
| 926 | # | # | |a A |
| 927 | # | # | |a BB |
| 980 | # | # | |a Thư viện Trường Đại học Đà Lạt |